| 000 | 00348nam a22001577a 4500 | ||
|---|---|---|---|
| 003 | SGT | ||
| 020 | _a978-1-58890-017-7 | ||
| 082 |
_a617.8 _bE07G |
||
| 100 | _aGELFAND, STANLEY A. | ||
| 245 | _aESSENTIALS OF AUDIOLOGY | ||
| 250 | _a2ND | ||
| 260 |
_aNEW YORK _bTHIEME PUB _c2007 |
||
| 300 | _a566 | ||
| 650 | _aAUDIOLOGY | ||
| 942 |
_2ddc _cBK _047 |
||
| 999 |
_c19663 _d19663 |
||